Islamic insurance : (Record no. 1022)

MARC details
000 -LEADER
fixed length control field 00681nam a2200205 ar4500
001 - CONTROL NUMBER
control field 1023
005 - DATE AND TIME OF LATEST TRANSACTION
control field 20221127090108.0
008 - FIXED-LENGTH DATA ELEMENTS--GENERAL INFORMATION
fixed length control field 081012s xxka 00110 eng d
020 ## - INTERNATIONAL STANDARD BOOK NUMBER
International Standard Book Number 0415444500(pbk) :
Terms of availability SR120.00
082 04 - DEWEY DECIMAL CLASSIFICATION NUMBER
Classification number 368.0091767
Item number K528 2004
100 1# - MAIN ENTRY--PERSONAL NAME
Personal name Khorshid, Aly.
245 10 - TITLE STATEMENT
Title Islamic insurance :
Remainder of title a modern approach to Islamic banking /
Statement of responsibility, etc. Aly Khorshid.
250 ## - EDITION STATEMENT
Edition statement 1st ed.
260 ## - PUBLICATION, DISTRIBUTION, ETC.
Place of publication, distribution, etc. London ;
-- New York :
Name of publisher, distributor, etc. Routledge,
Date of publication, distribution, etc. 2004.
300 ## - PHYSICAL DESCRIPTION
Extent xiv, 230 p. ;
Dimensions 24 cm.
504 ## - BIBLIOGRAPHY, ETC. NOTE
Bibliography, etc. note Includes bibl. references and index.
650 #4 - SUBJECT ADDED ENTRY--TOPICAL TERM
Topical term or geographic name entry element Insurance
General subdivision Religious aspects
-- Islam.
650 #4 - SUBJECT ADDED ENTRY--TOPICAL TERM
Topical term or geographic name entry element Banks and banking
Geographic subdivision Islamic countries.
650 #4 - SUBJECT ADDED ENTRY--TOPICAL TERM
Topical term or geographic name entry element Insurance
Geographic subdivision Islamic countries.
Holdings
Withdrawn status Lost status Source of classification or shelving scheme Damaged status Not for loan Home library Current library Date acquired Total Checkouts Full call number Barcode Date last seen Copy number Price effective from Koha item type
              11/27/2022   368.0091767 K528 2004 1000000006072 11/27/2022 C4 11/27/2022 Book
          CENTRAL CENTRAL 11/27/2022   368.0091767 K528 2004 1000000000023 11/27/2022 C2 11/27/2022 Book
          CENTRAL CENTRAL 11/27/2022   368.0091767 K528 2004 1000000003732 11/27/2022 C3 11/27/2022 Book
          KHOBAR KHOBAR 11/27/2022   368.0091767 K528 2004 1000000000024 11/27/2022 C1 11/27/2022 Book